00879 2200313 4500001002100000005001500021035002000036007000300056008004100059020002200100082001600122084001800138100002600156245005000182250003400232300002500266650001900291700002300310264003600333336002100369337003000390338002300420040002200443090002200465850001200487999002200499990002200521990002200543INLIS00000000088636220240517113237 a0010-0524000193ta240508s2023 yoi g ind d a978-623-189-246-104223a297.092 a297.092 NUR s0 aNur RokhimePengarang10aSang pendoa /cNur Rokhim; penyunting, Samsol aCetakan Pertama, Agustus 2023 a100 halaman ;c20 cm 4aBiografi Islam0 aSamsolePenyunting31aYogyakarta :bDiva Press,c2023 2rdacontentateks 2rdamediaatanpa perantara 2rdacarrieravolume aYOPDYOGbinderda aCB-D.11 2023-4889 aYOPDYOG aCB-D.11/2023-4889 aCB-D.11/2023-4891 aCB-D.11/2023-4889